|
|
|
|
| LEADER |
00000nab a2200000 a 4500 |
| 001 |
vtls000699000 |
| 003 |
SK-MaSNL |
| 005 |
20260304101955.0 |
| 008 |
250425c1999 xo 0 slo |
| 015 |
|
|
|a SNBRB1999/09-19220
|
| 035 |
|
|
|a CLN000051167
|
| 035 |
|
|
|a urn:nbn:sk:snk-ab33pj
|
| 035 |
|
|
|a (urnnbn)urn:nbn:sk:snk:ar-a05t3l
|
| 035 |
|
|
|a (uuid)1af87ab9-d220-4bd4-bfa1-f9851efb6779
|
| 040 |
|
|
|a SNKBUCL
|b slo
|c SNKBUCL
|e AACR2
|
| 041 |
0 |
|
|a slo
|
| 044 |
|
|
|a xo
|c SK
|
| 080 |
|
|
|a 616.12-008.331.1-085
|2 1997
|
| 080 |
|
|
|a 615.22
|2 1997
|
| 100 |
1 |
|
|a Juhás, Stanislav
|4 aut
|9 786578
|
| 245 |
1 |
0 |
|a Výhody kombinovanej liečby esenciálnej hypertenzie
|c Stanislav Juhás, Eduard Čurilla
|
| 300 |
|
|
|b Graf, tab.
|
| 650 |
0 |
7 |
|a diuretiká
|2 SNKPH
|9 16153
|
| 650 |
0 |
7 |
|a betablokátory
|2 SNKPH
|9 13728
|
| 650 |
0 |
7 |
|a esenciálna hypertenzia
|2 SNKPH
|9 133054
|
| 650 |
0 |
7 |
|a kombinovaná terapia
|2 SNK
|9 1191860
|
| 655 |
|
7 |
|a články z novín a časopisov
|2 SNK
|9 267496
|
| 700 |
1 |
|
|a Čurilla, Eduard
|4 aut
|9 657239
|
| 773 |
0 |
|
|t Kardiológia
|g Roč. 8, č. 4 (1999), s. 181-185
|x 1210-0048
|
| 850 |
|
|
|a Slovenská národná knižnica
|
| 852 |
|
|
|a Slovenská národná knižnica
|
| 958 |
|
|
|a article27
|
| 958 |
|
|
|a OND
|
| 958 |
|
|
|a NB
|
| 999 |
|
|
|c 2843521
|d 2845451
|